[Event "SVK-chT 2324"]
[Site "Slovakia"]
[Date "2023.11.05"]
[Round "2.1"]
[White "Kriebel, Tadeas"]
[Black "Baidetsky, Valentin"]
[Result "1/2-1/2"]
[WhiteElo "2519"]
[BlackElo "2478"]
[PlyCount "113"]
[EventDate "2023.11.04"]
[EventType "team-tourn"]
[EventRounds "11"]
[EventCountry "SVK"]
[SourceTitle "Mega2024 Update 01"]
[Source "Chessbase"]
[SourceDate "2023.11.12"]
[SourceVersion "1"]
[SourceVersionDate "2023.11.12"]
[SourceQuality "1"]
[WhiteTeam "Humenne Reinter"]
[BlackTeam "Dubnica nad Vahom"]
[WhiteTeamCountry "SVK"]
[BlackTeamCountry "SVK"]

1. d4 Nf6 2. c4 g6 3. Nc3 Bg7 4. e4 d6 5. f3 0-0 6. Nge2 c5 7. Be3 Nc6 8. d5 Ne5 9. Ng3 h5 10. Be2 e6 11. 0-0 exd5 12. cxd5 Nh7 13. Qd2 h4 14. Nh1 f5 15. Nf2 Bd7 16. exf5 gxf5 17. Bh6 Qf6 18. Bxg7 Qxg7 19. f4 Ng6 20. Bf3 Rae8 21. Rfe1 Nf6 22. Nh3 b5 23. Rxe8 Rxe8 24. Ng5 b4 25. Nd1 Ne4 26. Nxe4 fxe4 27. Bh5 Rf8 28. Bxg6 Qxg6 29. a3 a5 30. axb4 axb4 31. Ra7 Bb5 32. Qf2 Qg4 33. Ne3 Qxf4 34. Qxf4 Rxf4 35. Re7 Bd3 36. Re6 h3 37. Rxd6 hxg2 38. Rc6 Rf3 39. d6 Kf7 40. Ng4 Rf1+ 41. Kxg2 Rd1 42. d7 Ke7 43. Ne5 Bb5 44. Rxc5 Rd2+ 45. Kg3 Bxd7 46. Rc7 Rxb2 47. Nxd7 Kd6 48. Ra7 Rb3+ 49. Kf2 Ra3 50. Rb7 Kc6 51. Rxb4 e3+ 52. Kf3 Kxd7 53. Re4 e2+ 54. Kxe2 Ra2+ 55. Kd3 Rxh2 56. Re2 Rxe2 57. Kxe2 1/2-1/2

[Event "SVK-chT 2223"]
[Site "Slovakia"]
[Date "2023.04.01"]
[Round "10.1"]
[White "Laurusas, Tomas"]
[Black "Kriebel, Tadeas"]
[Result "1/2-1/2"]
[WhiteElo "2565"]
[BlackElo "2523"]
[PlyCount "135"]
[EventDate "2022.10.22"]
[EventType "team-tourn"]
[EventRounds "11"]
[EventCountry "SVK"]
[SourceTitle "EXT 2024"]
[Source "ChessBase"]
[SourceDate "2023.10.10"]
[SourceVersion "1"]
[SourceVersionDate "2023.10.10"]
[SourceQuality "1"]
[WhiteTeam "Modra"]
[BlackTeam "Humenne Reinter"]
[WhiteTeamCountry "SVK"]
[BlackTeamCountry "SVK"]

1. d4 d5 2. c4 dxc4 3. e3 e5 4. Bxc4 exd4 5. exd4 Bd6 6. Nf3 Nf6 7. 0-0 0-0 8. h3 Nc6 9. Nc3 h6 10. Qc2 Nb4 11. Qb1 Be6 12. Bxe6 fxe6 13. Bd2 Qe8 14. Re1 Qf7 15. Re2 Rae8 16. Ne4 Nbd5 17. Nxf6+ Qxf6 18. Qe4 Qf5 19. Rae1 Qxe4 20. Rxe4 Rf6 21. a3 Kf7 22. Bc1 Rf5 23. Rd1 Nf6 24. Re2 Rd5 25. Rde1 Rb5 26. Rc2 c6 27. Rce2 Rd5 28. Re3 Nd7 29. Re4 Nf6 30. R4e3 Nd7 31. Re4 Nf6 32. R4e2 Nd7 33. Bd2 Nb6 34. Re4 Rb5 35. Bc1 Nd5 36. g3 Bc7 37. Kg2 Rb3 38. R4e2 Rd3 39. Rc2 Kg8 40. Rce2 Rf8 41. Nh4 Rf6 42. Be3 Nxe3+ 43. Rxe3 Rxd4 44. Nf3 Rd6 45. R1e2 Bb6 46. Re4 Kf7 47. h4 Ke7 48. Rg4 Kf8 49. Rge4 Rd5 50. Rxe6 Rxe6 51. Rxe6 Bd8 52. Re5 Rd6 53. Re2 Bf6 54. Ne5 Bxe5 55. Rxe5 Rd2 56. b3 Rd3 57. Rf5+ Ke7 58. Rf3 Rd2 59. h5 c5 60. g4 b5 61. Rf5 Rc2 62. g5 hxg5 63. Rxg5 Kf7 64. b4 cxb4 65. axb4 a6 66. Rg6 Rc4 67. Rxa6 Rxb4 68. Kg3 1/2-1/2

[Event "SVK-chT 2223"]
[Site "Slovakia"]
[Date "2023.02.25"]
[Round "7.5"]
[White "Kriebel, Tadeas"]
[Black "Chovan, Milan"]
[Result "1-0"]
[WhiteElo "2523"]
[BlackElo "2352"]
[PlyCount "107"]
[EventDate "2022.10.22"]
[EventType "team-tourn"]
[EventRounds "11"]
[EventCountry "SVK"]
[SourceTitle "EXT 2024"]
[Source "ChessBase"]
[SourceDate "2023.10.10"]
[SourceVersion "1"]
[SourceVersionDate "2023.10.10"]
[SourceQuality "1"]
[WhiteTeam "Humenne Reinter"]
[BlackTeam "Podhajska Aquamarin"]
[WhiteTeamCountry "SVK"]
[BlackTeamCountry "SVK"]

1. Nf3 Nf6 2. c4 c5 3. g3 d5 4. cxd5 Nxd5 5. Bg2 Nc6 6. 0-0 e5 7. Nc3 Nc7 8. a3 Be7 9. b4 Be6 10. b5 Nd4 11. Rb1 f6 12. d3 0-0 13. Nd2 Nd5 14. Bxd5 Bxd5 15. e3 Bf7 16. exd4 Qxd4 17. Nde4 f5 18. Ne2 Qd7 19. N4c3 Rad8 20. Be3 f4 21. gxf4 Bh5 22. f3 Qh3 23. Qc2 Bd6 24. Ne4 exf4 25. Nxd6 fxe3 26. Qc4+ Kh8 27. Nf4 Qd7 28. Nxh5 Qxd6 29. Rbe1 Qxd3 30. Qxd3 Rxd3 31. a4 c4 32. Re2 Ra3 33. Rc1 Rxa4 34. Rxe3 Rb4 35. Ng3 Rxb5 36. Rxc4 a5 37. Kg2 Rb2+ 38. Re2 Rb3 39. Rf4 Ra8 40. Ne4 b5 41. Nd6 h6 42. Re7 a4 43. Ne8 Rxe8 44. Rxe8+ Kh7 45. Re7 a3 46. Rg4 Rb2+ 47. Kg3 h5 48. Rexg7+ Kh8 49. Rg8+ Kh7 50. R4g7+ Kh6 51. Rg6+ Kh7 52. R8g7+ Kh8 53. Ra7 b4 54. Rb6 1-0

[Event "SVK-chT1E 2223"]
[Site "Slovakia"]
[Date "2022.11.06"]
[Round "4.1"]
[White "Hrabusa, Matej"]
[Black "Kriebel, Tadeas"]
[Result "1/2-1/2"]
[WhiteElo "2335"]
[BlackElo "2523"]
[PlyCount "72"]
[EventDate "2022.10.15"]
[EventType "team-tourn"]
[EventRounds "11"]
[EventCountry "SVK"]
[SourceTitle "EXT 2024"]
[Source "ChessBase"]
[SourceDate "2023.10.10"]
[SourceVersion "1"]
[SourceVersionDate "2023.10.10"]
[SourceQuality "1"]
[WhiteTeam "Liptov Chess School II"]
[BlackTeam "Cadca"]
[WhiteTeamCountry "SVK"]
[BlackTeamCountry "SVK"]

1. d4 d5 2. c4 e6 3. Nf3 Nf6 4. g3 dxc4 5. Bg2 a6 6. 0-0 Nc6 7. Nbd2 b5 8. b3 Rb8 9. Ne5 Nxe5 10. dxe5 Nd7 11. bxc4 Bb7 12. Bxb7 Rxb7 13. Qc2 Be7 14. Rd1 0-0 15. Ne4 c5 16. Bf4 Qc8 17. Bg5 Nxe5 18. Bxe7 Rxe7 19. cxb5 axb5 20. Qxc5 Qxc5 21. Nxc5 Rc7 22. Nd3 Nxd3 23. Rxd3 h6 24. Rd2 Ra8 25. Rb2 Ra5 26. h4 Kf8 27. Rab1 Rc5 28. Rd1 Ke7 29. Kf1 Ra4 30. Rdb1 Re5 31. Rd1 Rd5 32. Rc1 Kd7 33. Rbc2 Ra7 34. e3 Rd6 35. Rb1 Rd5 36. Rbc1 Rd6 1/2-1/2

[Event "SVK-chT 2122"]
[Site "Slovakia"]
[Date "2022.05.08"]
[Round "8.3"]
[White "Kriebel, Tadeas"]
[Black "Petenyi, Tamas"]
[Result "1-0"]
[WhiteElo "2526"]
[BlackElo "2461"]
[PlyCount "55"]
[EventDate "2021.10.23"]
[EventType "team-tourn"]
[EventRounds "11"]
[EventCountry "SVK"]
[SourceTitle "EXT 2023"]
[Source "ChessBase"]
[SourceDate "2022.10.05"]
[SourceVersion "1"]
[SourceVersionDate "2022.10.05"]
[SourceQuality "1"]
[WhiteTeam "Humenne Reinter"]
[BlackTeam "Dunajska Streda"]
[WhiteTeamCountry "SVK"]
[BlackTeamCountry "SVK"]

1. e4 d6 2. d4 Nf6 3. Nc3 g6 4. f4 Bg7 5. Nf3 0-0 6. Be3 Nc6 7. e5 Ng4 8. Bg1 dxe5 9. dxe5 Qxd1+ 10. Rxd1 f6 11. Nb5 fxe5 12. Nxc7 Rb8 13. h3 e4 14. Ng5 Nh6 15. c3 e5 16. Bc4+ Kh8 17. Bc5 Rxf4 18. Nce6 Bxe6 19. Nxe6 Rf7 20. Nxg7 Rxg7 21. g4 Nf7 22. Be3 Rd8 23. Rf1 Rxd1+ 24. Kxd1 Ncd8 25. Bg5 h6 26. Bxd8 Nd6 27. Rf8+ Kh7 28. Be6 1-0

[Event "CZE-chT 2122"]
[Site "Czech Republic"]
[Date "2022.01.30"]
[Round "8.3"]
[White "Kriebel, Tadeas"]
[Black "Glozar, Petr"]
[Result "1/2-1/2"]
[WhiteElo "2526"]
[BlackElo "2173"]
[PlyCount "113"]
[EventDate "2021.10.15"]
[EventType "team-tourn"]
[EventRounds "15"]
[EventCountry "CZE"]
[SourceTitle "EXT 2023"]
[Source "ChessBase"]
[SourceDate "2022.10.05"]
[SourceVersion "1"]
[SourceVersionDate "2022.10.05"]
[SourceQuality "1"]
[WhiteTeam "Novoborsky"]
[BlackTeam "Brno Duras"]
[WhiteTeamCountry "CZE"]
[BlackTeamCountry "CZE"]

1. d4 Nf6 2. c4 e6 3. g3 d5 4. Bg2 c6 5. Nf3 Nbd7 6. 0-0 Bd6 7. Nbd2 0-0 8. Qc2 Re8 9. Re1 e5 10. dxe5 Nxe5 11. Nxe5 Bxe5 12. Nf3 Bc7 13. Bg5 dxc4 14. Rad1 Qe7 15. e4 Bg4 16. e5 Bxf3 17. Bxf3 Bxe5 18. Qxc4 Qc7 19. b4 h6 20. Be3 a6 21. a4 Rad8 22. Qb3 Rxd1 23. Rxd1 Rd8 24. Rxd8+ Qxd8 25. b5 axb5 26. axb5 Nd5 27. bxc6 bxc6 28. Bc5 Qa5 29. Bxd5 cxd5 30. Qxd5 Bf6 31. Qc6 Qd8 32. Kg2 Kh7 33. Qf3 Kg8 34. h4 Be7 35. Be3 Bf6 36. h5 Bg5 37. Ba7 Bf6 38. Qc6 Be7 39. Qe4 Bf6 40. Be3 Qe7 41. Qc6 Qd8 42. Bb6 Qf8 43. Kh2 Kh7 44. Bc5 Qd8 45. Bd6 Kg8 46. Kg2 Kh7 47. Bf4 Kg8 48. Bd6 Kh7 49. f4 Kg8 50. Kf3 Be7 51. Bxe7 Qxe7 52. Qa8+ Kh7 53. Qe4+ Qxe4+ 54. Kxe4 f6 55. Kf5 Kh8 56. Ke6 Kg8 57. Ke7 1/2-1/2

[Event "POL-chT Ekstraliga"]
[Site "Legnica"]
[Date "2021.10.06"]
[Round "5.1"]
[White "Kriebel, Tadeas"]
[Black "Krawczyk, Flawian"]
[Result "1-0"]
[WhiteElo "2526"]
[BlackElo "2070"]
[PlyCount "149"]
[EventDate "2021.10.02"]
[EventType "team-tourn"]
[EventRounds "9"]
[EventCountry "POL"]
[SourceTitle "CBM 204 Extra"]
[Source "ChessBase"]
[SourceDate "2021.11.30"]
[SourceVersion "1"]
[SourceVersionDate "2021.11.30"]
[SourceQuality "1"]
[WhiteTeam "Legnica Miedz"]
[BlackTeam "Czarna"]
[WhiteTeamCountry "POL"]
[BlackTeamCountry "POL"]

1. e4 c5 2. Nf3 d6 3. d4 cxd4 4. Nxd4 Nf6 5. Nc3 a6 6. a3 e5 7. Nf5 d5 8. Bg5 d4 9. Bxf6 Qxf6 10. Nd5 Qd8 11. Qg4 Bxf5 12. Qxf5 Bd6 13. Bc4 0-0 14. h4 Nc6 15. Rh3 Kh8 16. h5 Ne7 17. Nxe7 Qxe7 18. Bb3 b5 19. a4 Ra7 20. axb5 axb5 21. Rxa7 Qxa7 22. h6 f6 23. hxg7+ Qxg7 24. Rg3 Qh6 25. Ke2 Bb4 26. c3 dxc3 27. bxc3 Ba3 28. Qg4 Qg6 29. Qxg6 hxg6 30. Rxg6 Kh7 31. Rg3 Rd8 32. Bd5 Bc5 33. Rd3 Rd6 34. Kf3 Kg6 35. Kg3 b4 36. cxb4 Bxb4 37. Kg4 Bc5 38. f3 Rd7 39. Rb3 Re7 40. Rb8 Be3 41. g3 Bf2 42. f4 exf4 43. gxf4 Bd4 44. Rc8 Ra7 45. Be6 Rb7 46. Rd8 Bc5 47. Rg8+ Kh7 48. Rc8 Bd4 49. Kf5 Re7 50. Bd5 Kg7 51. Rc4 Bb2 52. Rc2 Bd4 53. Rg2+ Kh7 54. Rd2 Bc3 55. Rc2 Bd4 56. Rc1 Ra7 57. Rd1 Bc3 58. Rh1+ Kg7 59. Rg1+ Kh7 60. Rg6 Ra6 61. Rg3 Ba1 62. Bg8+ Kh8 63. Bc4 Ra7 64. Rg1 Bc3 65. Be6 Kh7 66. Rg6 Ra5+ 67. Bd5 Ra6 68. Rg3 Ba1 69. Rg1 Bd4 70. Rd1 Bb2 71. Rb1 Bd4 72. Rb4 Bc3 73. Rb7+ Kh8 74. Be6 Bd2 75. Kg6 1-0

[Event "FIDE World Cup Europe Hybrid Qual"]
[Site "Tornelo INT"]
[Date "2021.05.25"]
[Round "1.2"]
[White "Delchev, Aleksander"]
[Black "Kriebel, Tadeas"]
[Result "1/2-1/2"]
[WhiteElo "2501"]
[BlackElo "2527"]
[PlyCount "53"]
[EventDate "2021.05.24"]
[EventType "k.o."]
[EventRounds "3"]
[EventCountry "NET"]
[SourceTitle "CBM 202 Extra"]
[Source "ChessBase"]
[SourceDate "2021.07.31"]
[SourceVersion "1"]
[SourceVersionDate "2021.07.31"]
[SourceQuality "1"]

1. c4 e6 2. g3 d5 3. Bg2 dxc4 4. Nf3 a6 5. 0-0 Nf6 6. Qc2 b5 7. Ne1 Nd5 8. d3 cxd3 9. Nxd3 Bb7 10. Nc3 Bd6 11. Rd1 0-0 12. Nxd5 exd5 13. Bf4 Nd7 14. Bxd6 cxd6 15. Nf4 Rc8 16. Qd2 Nb6 17. Nxd5 Bxd5 18. Bxd5 Nxd5 19. Qxd5 Rc2 20. Rd2 Qc7 21. Rad1 g6 22. Kg2 Rc8 23. a3 Qc6 24. Qxc6 R8xc6 25. Kf3 Rxd2 26. Rxd2 Kf8 27. h4 1/2-1/2

[Event "FIDE World Cup Europe Hybrid Qual"]
[Site "Tornelo INT"]
[Date "2021.05.25"]
[Round "1.3"]
[White "Delchev, Aleksander"]
[Black "Kriebel, Tadeas"]
[Result "1/2-1/2"]
[WhiteElo "2501"]
[BlackElo "2527"]
[PlyCount "84"]
[EventDate "2021.05.24"]
[EventType "k.o."]
[EventRounds "3"]
[EventCountry "NET"]
[SourceTitle "CBM 202 Extra"]
[Source "ChessBase"]
[SourceDate "2021.07.31"]
[SourceVersion "1"]
[SourceVersionDate "2021.07.31"]
[SourceQuality "1"]

1. f4 Nf6 2. Nf3 g6 3. g3 Bg7 4. Bg2 0-0 5. 0-0 d6 6. d3 e5 7. e4 Nc6 8. Nc3 exf4 9. Bxf4 Bg4 10. Qd2 d5 11. e5 Nh5 12. Bg5 Qd7 13. d4 Nd8 14. Bh6 c6 15. Ne2 Ne6 16. h3 Bxf3 17. Bxf3 Bxh6 18. Qxh6 Nhg7 19. Bg4 Qe7 20. c3 f6 21. exf6 Rxf6 22. Rxf6 Qxf6 23. Rf1 Qg5 24. Qxg5 Nxg5 25. h4 Ne4 26. Kg2 Rf8 27. Rxf8+ Kxf8 28. Nf4 Ke7 29. Nd3 Ne6 30. Kf3 Nd6 31. Bxe6 Kxe6 32. g4 h6 33. Kf4 Nc4 34. Nc5+ Kf6 35. g5+ hxg5+ 36. hxg5+ Ke7 37. Nxb7 Nxb2 38. Na5 Kd6 39. Nb7+ Kc7 40. Nc5 Kd6 41. Nb7+ Kc7 42. Nc5 Kd6 1/2-1/2

[Event "FIDE World Cup Europe Hybrid Qual"]
[Site "Tornelo INT"]
[Date "2021.05.25"]
[Round "1.4"]
[White "Kriebel, Tadeas"]
[Black "Delchev, Aleksander"]
[Result "1-0"]
[WhiteElo "2527"]
[BlackElo "2501"]
[PlyCount "51"]
[EventDate "2021.05.24"]
[EventType "k.o."]
[EventRounds "3"]
[EventCountry "NET"]
[SourceTitle "CBM 202 Extra"]
[Source "ChessBase"]
[SourceDate "2021.07.31"]
[SourceVersion "1"]
[SourceVersionDate "2021.07.31"]
[SourceQuality "1"]

1. e4 c6 2. d4 d5 3. e5 c5 4. Nf3 Bg4 5. Bb5+ Nd7 6. c4 e6 7. cxd5 exd5 8. Nc3 a6 9. Be2 Nb6 10. 0-0 h6 11. Be3 c4 12. b3 Bb4 13. Rc1 Ba3 14. Rb1 Bf5 15. bxc4 Bxb1 16. Nxb1 Be7 17. c5 Nd7 18. Qb3 Bg5 19. Qxd5 Ne7 20. Qxb7 Bxe3 21. fxe3 Qb8 22. Qe4 0-0 23. Bd3 g6 24. Qh4 Re8 25. Qxh6 Nf8 26. Ng5 1-0

[Event "Mitropa Cup Online"]
[Site "Tornelo INT"]
[Date "2021.05.11"]
[Round "8.4"]
[White "Kriebel, Tadeas"]
[Black "Krastev, Alexander"]
[Result "0-1"]
[WhiteElo "2527"]
[BlackElo "2340"]
[PlyCount "108"]
[EventDate "2021.05.04"]
[EventType "team-tourn"]
[EventRounds "9"]
[EventCountry "SUI"]
[SourceTitle "CBM 202 Extra"]
[Source "ChessBase"]
[SourceDate "2021.07.31"]
[SourceVersion "1"]
[SourceVersionDate "2021.07.31"]
[SourceQuality "1"]
[WhiteTeam "Czech Republic"]
[BlackTeam "Germany"]
[WhiteTeamCountry "CZE"]
[BlackTeamCountry "GER"]

1. e4 c5 2. Nf3 Nc6 3. d4 cxd4 4. Nxd4 Nf6 5. Nc3 d6 6. Bg5 e6 7. Qd2 a6 8. 0-0-0 Bd7 9. f3 Be7 10. h4 h6 11. Be3 h5 12. Qe1 b5 13. Nxc6 Bxc6 14. Ne2 Qc7 15. Nd4 Bd7 16. Bd2 Qb7 17. a3 g6 18. Bb4 e5 19. Nb3 Be6 20. Na5 Qb6 21. g3 Rc8 22. Bh3 Qc7 23. c3 0-0 24. Rd3 Kh7 25. Qe2 Bxh3 26. Rxh3 Rfd8 27. Qd1 Bf8 28. Rh1 Qd7 29. Kb1 Qe6 30. Qb3 d5 31. Rhd1 Rd7 32. Bxf8 Rxf8 33. exd5 Qf5 34. Qc2 e4 35. fxe4 Nxe4 36. Re3 Re8 37. Rde1 Nd2+ 38. Kc1 Rxe3 39. Rxe3 Qxd5 40. b3 Nf1 41. Re1 Nxg3 42. Rd1 Qe6 43. Rxd7 Qxd7 44. c4 Qd4 45. Kb1 bxc4 46. Qxc4 Qd1+ 47. Qc1 Qxc1+ 48. Kxc1 g5 49. Nc4 gxh4 50. Ne5 h3 51. Nf3 Kg6 52. b4 Kf5 53. a4 Kf4 54. Nh2 Ne4 0-1

[Event "Mitropa Cup Online"]
[Site "Tornelo INT"]
[Date "2021.05.06"]
[Round "3.4"]
[White "Kriebel, Tadeas"]
[Black "Lodici, Lorenzo"]
[Result "1/2-1/2"]
[WhiteElo "2527"]
[BlackElo "2483"]
[PlyCount "142"]
[EventDate "2021.05.04"]
[EventType "team-tourn"]
[EventRounds "9"]
[EventCountry "SUI"]
[SourceTitle "CBM 202 Extra"]
[Source "ChessBase"]
[SourceDate "2021.07.31"]
[SourceVersion "1"]
[SourceVersionDate "2021.07.31"]
[SourceQuality "1"]
[WhiteTeam "Czech Republic"]
[BlackTeam "Italy"]
[WhiteTeamCountry "CZE"]
[BlackTeamCountry "ITA"]

1. e4 e5 2. Nf3 Nc6 3. Bb5 a6 4. Ba4 Nf6 5. 0-0 b5 6. Bb3 Bb7 7. d3 Be7 8. c4 0-0 9. Nc3 bxc4 10. Bxc4 Bc5 11. Nd5 h6 12. Be3 Ba7 13. b4 d6 14. Rc1 Nb8 15. Nxf6+ Qxf6 16. Bb3 Rc8 17. Nd2 a5 18. bxa5 Na6 19. Bc4 c6 20. Rb1 Qe7 21. Qb3 Rc7 22. Bxa7 Rxa7 23. Qb6 Ra8 24. Rfc1 Bc8 25. Nb3 c5 26. Nd2 Rb7 27. Qc6 Nb4 28. Qa4 Rba7 29. Nb3 Bd7 30. Qa3 Be6 31. Qa4 Kh7 32. Rc3 Qc7 33. Bxe6 fxe6 34. f4 exf4 35. d4 Nc6 36. e5 Nxa5 37. exd6 Qxd6 38. dxc5 Qe5 39. Qd4 Qf5 40. Re1 Nc6 41. Qd6 Qf6 42. Rf3 e5 43. Qxf6 gxf6 44. g3 Rxa2 45. gxf4 Rg8+ 46. Rg3 Rb2 47. Rxg8 Kxg8 48. Nc1 Nd4 49. Kf1 Nf3 50. Re2 Rb1 51. Rc2 Nd4 52. Rc3 Nb5 53. Rc4 Kf7 54. fxe5 fxe5 55. c6 Nc7 56. Kf2 Ke6 57. Ne2 Kf6 58. Nc3 Rb2+ 59. Ne2 Kf5 60. Kf3 Rb3+ 61. Kf2 Kf6 62. Rh4 Kg5 63. Re4 Rb5 64. Rc4 Kf6 65. Rh4 Kg6 66. Rg4+ Kf5 67. Rh4 Kg5 68. Rc4 Rb6 69. Kf3 Kf5 70. Ng3+ Ke6 71. Rh4 Rxc6 1/2-1/2

[Event "CZE-Poland m"]
[Site "Zlin"]
[Date "2020.09.17"]
[Round "4.3"]
[White "Kriebel, Tadeas"]
[Black "Sadzikowski, Daniel"]
[Result "1/2-1/2"]
[WhiteElo "2519"]
[BlackElo "2527"]
[PlyCount "75"]
[EventDate "2020.09.14"]
[EventType "schev"]
[EventRounds "5"]
[EventCountry "CZE"]
[SourceTitle "CBM 198 Extra"]
[Source "ChessBase"]
[SourceDate "2020.11.30"]
[SourceVersion "1"]
[SourceVersionDate "2020.11.30"]
[SourceQuality "1"]
[WhiteTeam "Czech Republic"]
[BlackTeam "Poland"]
[WhiteTeamCountry "CZE"]
[BlackTeamCountry "POL"]

1. e4 c6 2. Nc3 d5 3. Nf3 Bg4 4. h3 Bxf3 5. Qxf3 Nf6 6. Be2 e6 7. 0-0 dxe4 8. Nxe4 Nbd7 9. d4 Nxe4 10. Qxe4 Nf6 11. Qe3 g6 12. c4 Bg7 13. Bd2 0-0 14. Bc3 a5 15. a4 Qc7 16. Rfd1 Rfd8 17. Bf3 Ne8 18. b3 Rd7 19. d5 Bxc3 20. dxc6 Rxd1+ 21. Rxd1 Qe5 22. cxb7 Rb8 23. c5 Kf8 24. c6 Qxe3 25. fxe3 Nc7 26. Rd7 Be5 27. Be2 Ne8 28. b4 Bc7 29. bxa5 Bxa5 30. Kf2 Kg7 31. Kf3 h5 32. Bc4 Kf6 33. Ke4 Nc7 34. Kd4 Bb6+ 35. Kc3 Ba5+ 36. Kd4 Bb6+ 37. Kc3 Ba5+ 38. Kd4 1/2-1/2

[Event "POL-chT Ekstraliga"]
[Site "Warsaw"]
[Date "2020.08.28"]
[Round "3.3"]
[White "Bartel, Michal"]
[Black "Kriebel, Tadeas"]
[Result "0-1"]
[WhiteElo "2274"]
[BlackElo "2519"]
[PlyCount "84"]
[EventDate "2020.08.26"]
[EventType "team-tourn"]
[EventRounds "9"]
[EventCountry "POL"]
[SourceTitle "CBM 198 Extra"]
[Source "ChessBase"]
[SourceDate "2020.11.30"]
[SourceVersion "1"]
[SourceVersionDate "2020.11.30"]
[SourceQuality "1"]
[WhiteTeam "Miedzyborow Wrzos"]
[BlackTeam "Legnica Miedz"]
[WhiteTeamCountry "POL"]
[BlackTeamCountry "POL"]

1. e4 c5 2. Nf3 e6 3. c4 Nc6 4. Nc3 Nf6 5. d4 cxd4 6. Nxd4 Bb4 7. Nxc6 bxc6 8. Bd3 e5 9. 0-0 0-0 10. Qe2 Re8 11. Bd2 d6 12. Rfd1 Rb8 13. h3 Bc5 14. Rab1 a5 15. Na4 Bd4 16. Qe1 Nh5 17. Be2 Qh4 18. Bxh5 Qxh5 19. Be3 Rb4 20. b3 Re6 21. f4 c5 22. f5 Re8 23. Kh2 f6 24. Bd2 Rb7 25. Bxa5 Bd7 26. Nc3 Ra8 27. Nd5 Bc6 28. a3 Bxd5 29. cxd5 Qe8 30. b4 Qa4 31. bxc5 Rxb1 32. Rxb1 Qxa5 33. Rb8+ Kf7 34. Rb7+ Ke8 35. Qh4 Be3 36. Rxg7 Bf4+ 37. Kh1 dxc5 38. d6 Ra7 39. Rg8+ Kd7 40. Qxh7+ Kxd6 41. Qh4 Rf7 42. Rg7 Qxa3 0-1

[Event "POL-chT Ekstraliga"]
[Site "Warsaw"]
[Date "2020.08.27"]
[Round "2.3"]
[White "Kriebel, Tadeas"]
[Black "Miton, Kamil"]
[Result "1/2-1/2"]
[WhiteElo "2519"]
[BlackElo "2590"]
[PlyCount "31"]
[EventDate "2020.08.26"]
[EventType "team-tourn"]
[EventRounds "9"]
[EventCountry "POL"]
[SourceTitle "CBM 198 Extra"]
[Source "ChessBase"]
[SourceDate "2020.11.30"]
[SourceVersion "1"]
[SourceVersionDate "2020.11.30"]
[SourceQuality "1"]
[WhiteTeam "Legnica Miedz"]
[BlackTeam "Katowice Wasko"]
[WhiteTeamCountry "POL"]
[BlackTeamCountry "POL"]

1. e4 c5 2. Nf3 Nc6 3. Nc3 g6 4. d4 cxd4 5. Nxd4 Bg7 6. Be3 Nf6 7. Bc4 Qa5 8. 0-0 0-0 9. Bb3 d6 10. Nd5 Re8 11. Nxf6+ Bxf6 12. c3 Bd7 13. f4 Nxd4 14. Bxd4 Bxd4+ 15. Qxd4 Qc5 16. Qxc5 1/2-1/2

[Event "POL-chT Ekstraliga"]
[Site "Warsaw"]
[Date "2020.08.26"]
[Round "1.4"]
[White "Walter, Szymon"]
[Black "Kriebel, Tadeas"]
[Result "0-1"]
[WhiteElo "2288"]
[BlackElo "2519"]
[PlyCount "72"]
[EventDate "2020.08.26"]
[EventType "team-tourn"]
[EventRounds "9"]
[EventCountry "POL"]
[SourceTitle "CBM 198 Extra"]
[Source "ChessBase"]
[SourceDate "2020.11.30"]
[SourceVersion "1"]
[SourceVersionDate "2020.11.30"]
[SourceQuality "1"]
[WhiteTeam "Podlesie UKS 21"]
[BlackTeam "Legnica Miedz"]
[WhiteTeamCountry "POL"]
[BlackTeamCountry "POL"]

1. e4 c5 2. Nc3 e6 3. f4 d5 4. Nf3 dxe4 5. Bb5+ Bd7 6. Bxd7+ Nxd7 7. Nxe4 Ngf6 8. d3 Be7 9. 0-0 0-0 10. Qe2 Re8 11. b3 h6 12. Bb2 Nd5 13. Ne5 f5 14. Nd2 Nxe5 15. Bxe5 b5 16. Rae1 Bd6 17. Qf2 Rc8 18. Kh1 Bxe5 19. Rxe5 Qa5 20. a4 a6 21. c4 Nf6 22. h3 bxa4 23. bxa4 Nd7 24. Re3 Qxa4 25. g4 Qc6+ 26. Nf3 e5 27. Qe2 Rf8 28. fxe5 fxg4 29. hxg4 Rf4 30. e6 Nf6 31. e7 Re8 32. Re6 Qb7 33. Qe3 g5 34. Rf2 Nxg4 35. Rg6+ Kh7 36. Qe6 Rxf3 0-1

[Event "Bohumin op 3rd"]
[Site "Bohumin"]
[Date "2020.07.20"]
[Round "3"]
[White "Kriebel, Tadeas"]
[Black "Poysti, Nathanael Nicolai"]
[Result "1-0"]
[WhiteElo "2517"]
[BlackElo "2209"]
[PlyCount "55"]
[EventDate "2020.07.18"]
[EventType "swiss"]
[EventRounds "9"]
[EventCountry "CZE"]
[SourceTitle "CBM 197 Extra"]
[Source "ChessBase"]
[SourceDate "2020.09.30"]
[SourceVersion "1"]
[SourceVersionDate "2020.09.30"]
[SourceQuality "1"]

1. e4 c5 2. Nf3 d6 3. Bb5+ Nd7 4. 0-0 a6 5. Bd3 Ngf6 6. c3 b5 7. a4 b4 8. Bc2 Bb7 9. Re1 Qc7 10. d3 Rc8 11. a5 bxc3 12. bxc3 g6 13. Bf4 e5 14. Bg5 Bg7 15. Nbd2 0-0 16. Nc4 Rb8 17. Qd2 Rfe8 18. Ba4 Bc6 19. Bxc6 Qxc6 20. Qa2 Rb5 21. Ne3 Reb8 22. Qa4 Qc7 23. Nd2 R8b7 24. Ndc4 Nb8 25. Bxf6 Bxf6 26. Nd5 Qd8 27. Ncb6 Nd7 28. c4 1-0

[Event "Bohumin op 3rd"]
[Site "Bohumin"]
[Date "2020.07.19"]
[Round "2"]
[White "Starosta, Martyna"]
[Black "Kriebel, Tadeas"]
[Result "0-1"]
[WhiteElo "2079"]
[BlackElo "2517"]
[PlyCount "84"]
[EventDate "2020.07.18"]
[EventType "swiss"]
[EventRounds "9"]
[EventCountry "CZE"]
[SourceTitle "CBM 197 Extra"]
[Source "ChessBase"]
[SourceDate "2020.09.30"]
[SourceVersion "1"]
[SourceVersionDate "2020.09.30"]
[SourceQuality "1"]

1. e4 c5 2. Nf3 e6 3. d4 cxd4 4. Nxd4 Nc6 5. Nc3 Qc7 6. g3 a6 7. Bg2 Nf6 8. 0-0 h5 9. Nxc6 dxc6 10. Re1 e5 11. h3 Bc5 12. Na4 Ba7 13. c4 b5 14. Nc3 Be6 15. cxb5 axb5 16. Be3 Bxe3 17. Rxe3 0-0 18. Qc2 Qa7 19. b3 Rfd8 20. Rd1 Rd4 21. Red3 Qc5 22. Qb2 Rad8 23. Rxd4 Rxd4 24. Rxd4 Qxd4 25. Qc2 h4 26. Ne2 Qa1+ 27. Kh2 Qe1 28. Ng1 hxg3+ 29. fxg3 Nh5 30. Qd3 g6 31. Ne2 b4 32. Bf3 Kh7 33. Bg2 c5 34. g4 Nf4 35. Nxf4 exf4 36. Qc2 Qg3+ 37. Kh1 f3 38. Bf1 f2 39. Bg2 Bxg4 40. Qc4 Be6 41. Qf1 Kg8 42. e5 Kh7 0-1